Hungary A-Z - Statistics

General Stats
  • This quiz has been taken 919 times
  • The average score is 18 of 25
Answer Stats
Hint Answer % Correct
E International body Hungary joined in 2003 European Union
92%
G Famous Hungarian stew Goulash
92%
A Leader of the Huns from 434–453 A.D Attila the Hun
90%
O Empire that invaded Hungary in 1541 Ottoman Empire
89%
P Red spice used to flavor G Paprika
89%
K Stephen I, Béla IV, Ladislaus I, e.g. Kings
87%
M Word that refers to the Hungarian ethnicity Magyar
83%
H Powerful royal family that controlled Hungary between 1526–1780 Habsburg
78%
V First name of prime minister Orbán Viktor
78%
Y Hungary invaded the northern parts of this country in 1941 Yugoslavia
78%
C Mountain range which partially encircles the Hungarian Plain Carpathian
76%
T Romanian region with a major Hungarian minority Transylvania
76%
Q Branch of physics N was probably most famous for developing {Quantum} Mechanics
73%
F Currency of Hungary Forint
69%
W Team sport dominated by Hungary at the Summer Olympics Water Polo
69%
B Largest lake in Central Europe Balaton
67%
L Piano virtuoso who composed "Hungarian Rhapsody" Franz Liszt
66%
D Second most populous city Debrecen
62%
I Hungary's opening of its border with Austria in 1989, was the first fissure of this symbolic barrier Iron Curtain
60%
S Currency speculator who is the subject of many conspiracy theories George Soros
54%
U Ethnic group that includes Hungarians, Finns and Estonians Uralic
52%
R Most famous Hungarian invention Rubik's Cube
51%
Z Theodor Herzl is considered to be the modern father of this "ism" Zionism
49%
J Hungarian version of the name "John" János
47%
N One of world's most intelligent people of all time John von {Neumann}
43%
No matching quizzes found
Score Distribution
Percent of People with Each Score
Percentile by Number Answered
Your Score History
You have not taken this quiz